Texas Department of Health public health region 4 : programs & services.

Bibliographic Details
Corporate Author: Texas. Department of Health
Format: Government Document Book
Language:English
Published: [Austin, Tex.] : The Department, [1988]
Subjects:

MARC

Tag First Indicator Second Indicator Subfields
LEADER 00000cam a2200000 a 4500
001 in00001069500
005 20150929095735.0
008 881104s1988 txu s00010 eng d
035 |a (OCoLC)18710954 
035 |9 AFN6359AM 
040 |a IKM  |c IKM  |d UtOrBLW 
049 |a IKMD 
086 |a H600.1 P96h no.4 1988  |2 txdocs 
099 9 |a H600.1  |a P96h  |a no.4  |a 1988 
110 1 |a Texas.  |b Department of Health. 
245 1 0 |a Texas Department of Health public health region 4 :  |b programs & services. 
264 1 |a [Austin, Tex.] :  |b The Department,  |c [1988] 
300 |a 1 folded sheet (8 pages) ;  |c 22 x 9 cm. 
336 |a text  |b txt  |2 rdacontent 
337 |a unmediated  |b n  |2 rdamedia 
338 |a sheet  |b nb  |2 rdacarrier 
500 |a Cover title. 
500 |a "06/88"--P. [8]. 
610 1 0 |a Texas.  |b Department of Health. 
650 0 |a Public health  |z Texas. 
740 0 |a Public health region 4. 
999 |a MARS 
999 f f |s f802d5d5-961b-3d80-a4f8-0b32e9b6244c  |i 05a5187c-60c3-3988-9554-0e4dcb7fbbcf  |t 0 
952 f f |p normal  |a Texas A&M University  |b College Station  |c Sterling C. Evans Library  |d Evans: Texas Documents (Annex 5th floor)  |t 0  |e H600.1 P96h no.4 1988  |h Other scheme  |i unmediated -- sheet  |m A14815186779 
998 f f |a H600.1 P96h no.4 1988  |t 0  |l Evans: Texas Documents (Annex 5th floor)